000 01136cam a2200349 4500
008 090401t1982 xxu||||| |||| 00| 0 eng d
020 _a0419129405
035 _a(Sirsi) u2341
041 _aeng
050 _a690.23
245 _aBuilding cost techniques : new directions
260 _aLondon
_bE. and F.N. Spon
_c1982
300 _aix,476p. : ill. ; 24cm.
350 _a20
520 _aTransactions of Building Cost Research Conference , sponsored by the Association of Heads of Departments of Surveying in Polytechnics , held at Portsmouth Polytechnic , 23-25 September 1982.
650 _aBUILT ENVIRONMENT-BUILDING COSTS
650 _aCOMPUTERS
650 _aCOST CONTROL
650 _aCOST MODELLING
650 _aCOST PLANNING AND CONTROL
650 _aDATABASES
650 _aESTIMATING
650 _aHOSPITALS
650 _aLIFE CYCLE COSTING
650 _aBUILT ENVIRONMENT-BUILDING MAINTENANCE AND REFURBISHMENT
650 _aBUILT ENVIRONMENT-QUANTITY SURVEYING
650 _aREHABILITATION
650 _aSCHOOLS
700 _aBrandon, Peter.
_xEditor
942 _n0
948 _c04/03/1997
999 _c85757
_d85757